Countries that Beat Czech Republic - Statistics

General Stats
  • This quiz has been taken 559 times
  • The average score is 10 of 17
Answer Stats
Rank Category Countries % Correct
3 Shortest border with Slovakia Ukraine | Austria
93%
7 Richest landlocked country [2] Liechtenstein | Luxembourg | Switzerland | San Marino | Austria | Andorra
89%
5 World's oldest university Italy | United Kingdom | Spain | Portugal
87%
2 Destination of the most Polish goods [1] Germany
84%
4 (t) Most recent to join the European Union Croatia | Bulgaria | Romania
73%
6 Most populous capital starting with P France | Haiti | North Korea | Cambodia | Panama
71%
2 First country whose territory was annexed by Nazi Germany since 1938 Austria
65%
4 Closest non-bordering country to the Baltic Sea Belarus | Norway | Netherlands
65%
3 Most irreligious country [3] China | Sweden
63%
10 (t) Landlocked country bordering the least countries * excluding countries < 10,000 km2 Lesotho | Nepal | Mongolia | Eswatini | Bhutan |Moldova | Paraguay | Malawi | Burundi
61%
2 (t) Highest position at the 1962 FIFA World Cup Brazil
57%
2 Whose modern-day capital was the largest
city in Europe in the year 1400 [5]
France
55%
2 (t) Most recent to be invaded by the USSR Afghanistan
47%
2 (t) Highest position at the 1934 FIFA World Cup Italy
44%
5 Highest total beer consumption * among countries with < 60 million people Spain | Poland | South Africa | South Korea
42%
2 Vehicle production per-capita [4] Slovakia
32%
3 Highest per-capita alcohol consumption [6] Seychelles | Uganda
6%
No matching quizzes found
Score Distribution
Percent of People with Each Score
Percentile by Number Answered
Your Score History
You have not taken this quiz